| 000 | 00551nam a2200181Ia 4500 | ||
|---|---|---|---|
| 003 | OSt | ||
| 005 | 20230519081558.0 | ||
| 008 | 210423s2002 xx 000 0 und d | ||
| 040 | _cAL | ||
| 041 | _aeng | ||
| 082 |
_a616.89 _223 _bFRIP |
||
| 100 |
_aFRIEDRICH (William N). _9109270 |
||
| 245 | _aPsychological assessment of sexually abused children and their families. | ||
| 260 |
_aNew Delhi _bSage Publications _c2002 |
||
| 365 |
_b1785 _cINR |
||
| 906 | _aabused ; assessment ; children ; families. ; Psychological ; sexually | ||
| 942 |
_2ddc _cBK |
||
| 999 |
_c172524 _d172524 |
||